| 000 | 02376cam a2200397 i 4500 | ||
|---|---|---|---|
| 001 | 21614427 | ||
| 005 | 20260606132745.0 | ||
| 008 | 200717s2020 cau 000 0 eng | ||
| 010 | _a 2020031166 | ||
| 020 |
_a9789353884659 _q(hardback) |
||
| 020 |
_a9789353884680 _q(paperback) |
||
| 020 |
_z9789353884666 _q(epub) |
||
| 020 |
_z9789353884673 _q(ebook) |
||
| 035 | _a21614427 | ||
| 040 |
_aDLC _beng _cDLC _erda _dDLC |
||
| 042 | _apcc | ||
| 043 | _aa-ii--- | ||
| 050 | 0 | 0 |
_aHD38.25.I4 _bC67 2020 |
| 082 | 0 | 0 | _a658.4092 |
| 100 | 1 |
_aCorrea, Steve, _eauthor. |
|
| 245 | 1 | 4 |
_aThe Indian boss at work : _bthinking global acting Indian / _cSteve Correa. |
| 264 | 1 |
_aLos Angeles : _bSage, _c[2020] |
|
| 300 |
_axvi, 318 pages ; _c22 cm |
||
| 336 |
_atext _btxt _2rdacontent |
||
| 337 |
_aunmediated _bn _2rdamedia |
||
| 338 |
_avolume _bnc _2rdacarrier |
||
| 520 |
_a"Journey into the kaleidoscope of Indian business and explore the 'context and forces' and worldview of Indian leaders. Unravel the secrets of building successful companies based on generational learnings, attitudes and capabilities. Uncover the Indian traits that catapulted top Indian bosses to the global stage. Discover the wisdom of Indian-ness-'the World is One' and it belongs to all humans. The Indian Boss at Work is a must-read for global leaders of all types, in all industries, both private and public sectors and across all geographies! It's also a reminder of the opposite-the power of Indian leadership on a global stage. Terry D. Kramer, Former US Ambassador; Faculty Director, UCLA Anderson School of Management; and Former Vodafone Group Plc Executive This book is a bridge to the two worlds of East and West, and argues that the twain must meet. Leena Nair, Unilever CHRO, LinkedIn Top Voice 2018-2019 Steve Correa is an Executive Coach with over three decades of corporate experience"-- _cProvided by publisher. |
||
| 650 | 0 |
_aExecutives _zIndia. |
|
| 650 | 0 |
_aManagement _zIndia. |
|
| 650 | 0 |
_aLeadership _zIndia. |
|
| 650 | 0 |
_aInternational business enterprises _xManagement _vCross-cultural studies. |
|
| 856 |
_uhttps://sk.sagepub.com/books/the-indian-boss-at-work _yRead SAGE E-Book |
||
| 906 |
_a7 _bcbc _corignew _d1 _eecip _f20 _gy-gencatlg |
||
| 942 |
_2ddc _cEBOOK |
||
| 999 |
_c44737 _d44737 |
||